KOHA-Header-6

Organizational Behavior (Record no. 8497)

000 -LEADER
fixed length control field 00236nam a2200109Ia 4500
020 ## - INTERNATIONAL STANDARD BOOK NUMBER
ISBN 978-0030989179
100 ## - MAIN ENTRY--AUTHOR NAME
Personal name Robert Kreitner
245 #0 - TITLE STATEMENT
Title Organizational Behavior
260 ## - PUBLICATION, DISTRIBUTION, ETC. (IMPRINT)
Place of publication London
Name of publisher Addison
Year of publication 1991
300 ## - PHYSICAL DESCRIPTION
Number of Pages 624
942 ## - ADDED ENTRY ELEMENTS (KOHA)
Koha item type Books
Holdings
Withdrawn status Lost status Collection code Permanent Location Current Location Shelving location Date acquired Full call number Accession Number Koha item type
    Management MAJU MAJU   2019-09-14 658.4 3242 Management

Powered by Koha